Terminus de la STIB - Statistiques

Statistiques générales
  • Ce quiz a été pris 173 fois
    55 depuis la dernière actualisation
  • Le résultat moyen est 80 sur 140
Statistiques - réponses
Terminus % Correct
5 Erasme
100%
2 | 19 | 49 | 87 Simonis
100%
1 Stockel
100%
1 Gare de l'Ouest
96%
8 | 33 Louise
92%
29 | 71 | 88 De Brouckère
88%
2 | 6 Elisabeth
88%
4 | 14 | 20 | 61 Gare du Nord
88%
5 Hermann-Debroux
88%
7 Vanderkindere
88%
38 | 52 | 63 | +3 others Gare Centrale
81%
7 Heysel
81%
34 | 64 | 80 Porte de Namur
81%
25 | 55 Rogier
81%
71 Delta
77%
49 | 50 | 51 | 73 Gare du Midi
77%
39 | 44 | 61 | 81 Montgomery
77%
8 | 42 | 45 Roodebeek
77%
12 | 54 Trône
73%
12 Brussels Airport
69%
80 Haren
69%
10 | 53 Hopital Militaire
69%
21 | 27 Luxembourg
69%
4 Stalle (P)
69%
6 | 9 Roi Baudouin
65%
51 | 93 Stade
65%
18 | 37 Albert
62%
10 Churchill
62%
82 | 83 Gare de Berchem
62%
95 Grand-Place
62%
38 | 41 | 43 | 75 Héros
62%
28 | 36 Konkel
62%
53 | 89 Westland Shopping
62%
29 Hof Ten Berg
58%
21 Maes
58%
81 Marius Renard
58%
13 | 14 | 88 UZ-VUB
58%
95 Wiener
58%
25 Boondael Gare
54%
28 Brabançonne
54%
36 | 56 | 79 Maelbeek
54%
44 Tervuren Station
54%
93 Legrand
50%
66 Péage
50%
63 Cimetière de Bruxelles
46%
92 Fort-Jaco
46%
79 Kraainem
46%
34 Sainte-Anne
46%
35 | 92 Schaerbeek Gare
46%
72 ULB
46%
60 Ambiorix
42%
39 Ban-Eik
42%
55 Da Vinci
42%
46 Pannenhuis
42%
27 Pleiades
42%
48 Anneessens
38%
59 | 64 Bordet Station
38%
33 Dansaert
38%
54 Forest(Bervoets)
38%
60 Uccle Calevoet
38%
17 Beaulieu
35%
56 Buda
35%
19 De Wand
35%
13 Etangs Noirs
35%
37 Gare de Linkebeek
35%
72 Adeps
31%
86 Bockstael
31%
73 Ceria
31%
9 Groot-Bijgaarden
31%
59 Hopital Etterbeek-Ixelles
31%
20 Hunderenveld
31%
86 Machtens
31%
41 Transvaal
31%
42 Viaduc E40
31%
58 Albert II
27%
45 Saint-Vincent
27%
18 | 74 Van Haelen
27%
47 | 58 Vilvoorde Station
27%
75 Bon Air
23%
48 Decroly
23%
62 Eurocontrol
23%
65 Machelen
23%
46 Moortebeek
23%
35 Esplanade
19%
47 Heembeek
19%
50 Lot Station
19%
83 Val Maria
19%
87 Beekant
15%
17 Heiligenborre
15%
82 Neerstalle
15%
43 Vivier d'Oie
15%
52 Bervoets
8%
74 Clémence Everard
8%
62 Guillaume De Greef
0%
Aucun quiz correspondant
Distribution des résultats
% des personnes avec chaque résultat
Percentile par nombre de réponses
Votre historique - résultats
Vous n’avez pas pris ce quiz depuis la dernière actualisation